Marketing cestovného ruchu na úrovni štátu
Cestovný ruch ako prostriedok na vytvárenie pozitívneho imidžu štátu. Podstata marketingu cestovného ruchu štátu. Špecifiká marketingu štátu v cestovnom ruchu. Marketingová stratégia, marketing mix a marketingová komunikácia v cestovnom ruchu. Propagácia cestovného ruchu cez národné marketingové age...
Uložené v:
| Hlavný autor: | |
|---|---|
| Médium: | Kapitola |
| Jazyk: | Slovak |
| Predmet: | |
| Tagy: |
Žiadne tagy, Buďte prvý, kto otaguje tento záznam!
|
MARC
| LEADER | 00000nla$a2200000$$$4500 | ||
|---|---|---|---|
| 001 | 0048603 | ||
| 005 | 20240502083129.9 | ||
| 041 | 0 | |a slo | |
| 044 | |a CZ | ||
| 245 | 1 | 0 | |a Marketing cestovného ruchu na úrovni štátu |c Michaela Magátová |
| 520 | |a Cestovný ruch ako prostriedok na vytvárenie pozitívneho imidžu štátu. Podstata marketingu cestovného ruchu štátu. Špecifiká marketingu štátu v cestovnom ruchu. Marketingová stratégia, marketing mix a marketingová komunikácia v cestovnom ruchu. Propagácia cestovného ruchu cez národné marketingové agentúry cestovného ruchu. Marketingové plánovanie. Porovnanie rozpočtu národných marketingových agentúr cestovného ruchu v krajinách V-4. | ||
| 610 | 2 | 0 | |a ruch cestovný |
| 610 | 2 | 0 | |a štát |
| 610 | 2 | 0 | |a marketing |
| 610 | 2 | 0 | |a marketing mix |
| 610 | 2 | 0 | |a stratégia marketingová |
| 610 | 2 | 0 | |a komunikácia marketingová |
| 610 | 2 | 0 | |a plánovanie |
| 610 | 2 | 0 | |a rozpočet investičný |
| 610 | 2 | 0 | |a agentúry |
| 100 | 1 | |a Magátová, Michaela | |